[Event "DEN-chT 1314 52nd"]
[Site "Denmark"]
[Date "2014.01.12"]
[Round "5.5"]
[White "Nielsen, John Bauneborg"]
[Black "Veng, Johny"]
[Result "1/2-1/2"]
[WhiteElo "2128"]
[BlackElo "2232"]
[PlyCount "105"]
[EventDate "2013.11.02"]
[EventType "team-tourn"]
[EventRounds "9"]
[EventCountry "DEN"]
[SourceTitle "EXT 2015"]
[Source "ChessBase"]
[SourceDate "2014.11.20"]
[SourceVersion "1"]
[SourceVersionDate "2014.11.20"]
[SourceQuality "1"]
[WhiteTeam "Norresundby"]
[BlackTeam "Nordre"]
[WhiteTeamCountry "DEN"]
[BlackTeamCountry "DEN"]

1. d4 Nf6 2. c4 g6 3. Nc3 Bg7 4. g3 d5 5. cxd5 Nxd5 6. Bg2 Nxc3 7. bxc3 c5 8. Nf3 Qa5 9. Bd2 0-0 10. 0-0 Rd8 11. e4 Bg4 12. e5 Nc6 13. h3 Bxf3 14. Bxf3 cxd4 15. cxd4 Qa3 16. Bxc6 bxc6 17. Bf4 Qb4 18. Rb1 Qc4 19. Rb7 Rxd4 20. Qb1 h6 21. Be3 Re4 22. Rxe7 Rxe5 23. Rxe5 Bxe5 24. Qb7 Rb8 25. Qxa7 Rb2 26. Qe7 Qd5 27. Bxh6 Rxa2 28. Qf8+ Kh7 29. Be3 Bg7 30. Qc8 Ra1 31. Rxa1 Bxa1 32. Qa6 Bg7 33. Qb7 Bf6 34. Qb6 Kg7 35. Qb4 Qe6 36. Kh2 Qd5 37. Qb6 Be5 38. Qb4 Bf6 39. Qb6 Qf3 40. Qc5 Qe4 41. Qc1 Qd5 42. Bh6+ Kh7 43. Be3 Be7 44. Qc3 c5 45. Qa5 Qc6 46. Qa7 Qd6 47. Qa4 Qe6 48. Qe8 Kg7 49. Bh6+ Kh7 50. Be3 Kg7 51. Bh6+ Kh7 52. Be3 Kg7 53. Bh6+ 1/2-1/2

[Event "Politiken Cup 35th"]
[Site "Helsingor"]
[Date "2013.08.01"]
[Round "7"]
[White "Pettersen, Joar Gullestad"]
[Black "Nielsen, John Bauneborg"]
[Result "1-0"]
[WhiteElo "1944"]
[BlackElo "2161"]
[PlyCount "181"]
[EventDate "2013.07.27"]
[EventType "swiss"]
[EventRounds "10"]
[EventCountry "DEN"]
[SourceTitle "CBM 155 Extra"]
[Source "ChessBase"]
[SourceDate "2013.08.26"]
[SourceVersion "1"]
[SourceVersionDate "2013.08.26"]
[SourceQuality "1"]

1. d4 g6 2. c4 Bg7 3. Nc3 f5 4. Nf3 Nf6 5. g3 0-0 6. Bg2 d6 7. 0-0 Nc6 8. d5 Na5 9. Nd2 c5 10. Qc2 Bd7 11. b3 a6 12. Bb2 b5 13. e4 Rb8 14. Rab1 Qc7 15. Nd1 Nxe4 16. Bxg7 Kxg7 17. Nxe4 fxe4 18. Ne3 Rf6 19. Bxe4 Nb7 20. f4 Rbf8 21. Rbe1 Bh3 22. Bg2 Qd7 23. Re2 R8f7 24. Rfe1 Kf8 25. cxb5 axb5 26. Bxh3 Qxh3 27. a4 h5 28. Ng2 Qg4 29. Ne3 Qh3 30. Ng2 Qg4 31. axb5 Rg7 32. Re4 Qf5 33. Ne3 Qh3 34. Ng2 Qf5 35. Ne3 Qh3 36. Qd3 h4 37. Nc4 Rh7 38. Qf3 hxg3 39. Qxg3 Qd7 40. b6 Qf5 41. Qg5 Qh3 42. R1e2 Rf5 43. Qg3 Qh5 44. Rd2 g5 45. Ne3 Rxf4 46. Rxf4+ gxf4 47. Qxf4+ Rf7 48. Qe4 Qh3 49. Rg2 c4 50. Rg3 Qh8 51. Qe6 Qa1+ 52. Kg2 Qb2+ 53. Kh1 Nd8 54. Qh6+ Ke8 55. Rg8+ Kd7 56. Qh3+ e6 57. dxe6+ Nxe6 58. Rg1 Qxb3 59. Qh5 Rf4 60. Nd5 Qf3+ 61. Qxf3 Rxf3 62. Rb1 Rb3 63. Rc1 Rd3 64. Nb4 Rb3 65. Rxc4 Nc5 66. Kg2 Ke6 67. h4 d5 68. Rxc5 Rxb4 69. Rc6+ Kd7 70. Rh6 Kc8 71. Kf3 Kb7 72. Ke3 Rg4 73. Kf3 Rb4 74. Kg3 Re4 75. h5 Rb4 76. Rd6 Rb1 77. Kf4 Rh1 78. Kg5 Rg1+ 79. Kf6 Rh1 80. Kg6 Rg1+ 81. Kh7 Rg5 82. h6 Ka6 83. Kh8 Kb7 84. Kh7 Ka6 85. Kh8 Kb7 86. Kh7 Ka6 87. Rg6 Re5 88. Kg7 Re7+ 89. Kf6 Re8 90. Kf5 Rd8 91. h7 1-0

[Event "Odense Andersen op"]
[Site "Odense"]
[Date "2013.05.11"]
[Round "7"]
[White "Nielsen, John Bauneborg"]
[Black "Jacobsen, Bo"]
[Result "0-1"]
[WhiteElo "2161"]
[BlackElo "2319"]
[PlyCount "60"]
[EventDate "2013.05.08"]
[EventType "swiss"]
[EventRounds "9"]
[EventCountry "DEN"]
[SourceTitle "CBM 154 Extra"]
[Source "ChessBase"]
[SourceDate "2013.06.25"]
[SourceVersion "2"]
[SourceVersionDate "2013.06.25"]
[SourceQuality "1"]

1. g3 g6 2. Bg2 Bg7 3. c4 e5 4. Nc3 Ne7 5. e3 Nbc6 6. Nge2 Nf5 7. b3 0-0 8. Bb2 Re8 9. d3 d6 10. 0-0 a6 11. a3 Rb8 12. b4 Bd7 13. Rc1 h5 14. Nd5 h4 15. Qc2 hxg3 16. hxg3 Rc8 17. a4 Qg5 18. b5 Nd8 19. Ba3 axb5 20. cxb5 Ne6 21. Ndc3 Qh5 22. Bxb7 Nh6 23. Rfd1 Ng4 24. Kf1 Bh6 25. Nd5 Ng5 26. Ng1 Nh2+ 27. Kg2 Bh3+ 28. Kh1 Bg7 29. Nxc7 Rxc7 30. Qxc7 Ng4 0-1

[Event "Odense Andersen op"]
[Site "Odense"]
[Date "2013.05.08"]
[Round "1"]
[White "Nielsen, John Bauneborg"]
[Black "Christensen, Kristen Bjorn"]
[Result "1-0"]
[WhiteElo "2161"]
[BlackElo "1579"]
[PlyCount "29"]
[EventDate "2013.05.08"]
[EventType "swiss"]
[EventRounds "9"]
[EventCountry "DEN"]
[SourceTitle "CBM 154 Extra"]
[Source "ChessBase"]
[SourceDate "2013.06.25"]
[SourceVersion "2"]
[SourceVersionDate "2013.06.25"]
[SourceQuality "1"]

1. d4 f5 2. e4 fxe4 3. Nc3 Nf6 4. Bg5 g6 5. h4 d6 6. h5 Bf5 7. Bxf6 exf6 8. g4 Be6 9. hxg6 h6 10. d5 Bd7 11. Bg2 f5 12. gxf5 Bxf5 13. Qh5 Qf6 14. g7+ Bg6 15. gxh8Q 1-0

[Event "Aalborg Larsen Memorial"]
[Site "Aalborg"]
[Date "2012.10.18"]
[Round "4"]
[White "Sloth, Jorn"]
[Black "Nielsen, John Bauneborg"]
[Result "1-0"]
[WhiteElo "2340"]
[BlackElo "2155"]
[PlyCount "81"]
[EventDate "2012.10.15"]
[EventType "swiss"]
[EventRounds "7"]
[EventCountry "DEN"]
[SourceTitle "EXT 2013"]
[Source "ChessBase"]
[SourceDate "2012.11.22"]
[SourceVersion "1"]
[SourceVersionDate "2012.11.22"]
[SourceQuality "1"]

1. b3 b6 2. Bb2 Bb7 3. Nf3 Nf6 4. g3 g6 5. Bg2 Bg7 6. Na3 0-0 7. c4 c5 8. 0-0 d6 9. d3 Nc6 10. e4 e5 11. Nc2 Ne8 12. Ne3 Nc7 13. Bh3 Bc8 14. Bxc8 Rxc8 15. Nh4 Qd7 16. Qg4 Qxg4 17. Nxg4 f5 18. exf5 gxf5 19. Ne3 Ne7 20. f4 e4 21. Bxg7 Kxg7 22. dxe4 fxe4 23. Rad1 Rcd8 24. f5 d5 25. Rf4 h5 26. cxd5 Nexd5 27. Rxe4 Nxe3 28. Rxd8 Rxd8 29. Rxe3 Kf6 30. Re2 Rd3 31. Kf2 Rd1 32. h3 Rd3 33. Kg2 Rd4 34. Nf3 Rb4 35. Ne5 Rd4 36. Nc6 Rd6 37. Nxa7 Kxf5 38. Nc8 Rd3 39. Nxb6 Ne6 40. Nc4 Rd5 41. Ne3+ 1-0

[Event "Odense Andersen op"]
[Site "Odense"]
[Date "2012.05.19"]
[Round "6"]
[White "Nielsen, John Bauneborg"]
[Black "Pedersen, Hans Buus"]
[Result "1/2-1/2"]
[WhiteElo "2163"]
[BlackElo "2112"]
[PlyCount "46"]
[EventDate "2012.05.16"]
[EventType "swiss"]
[EventRounds "9"]
[EventCountry "DEN"]
[SourceTitle "CBM 148 Extra"]
[Source "ChessBase"]
[SourceDate "2012.06.22"]
[SourceVersion "1"]
[SourceVersionDate "2012.06.22"]
[SourceQuality "1"]

1. d4 Nf6 2. c4 e6 3. Nc3 Nc6 4. Nf3 Bb4 5. Qc2 d6 6. a3 Bxc3+ 7. Qxc3 a5 8. b3 0-0 9. e3 Qe7 10. Bb2 Re8 11. Be2 e5 12. dxe5 dxe5 13. 0-0 Bg4 14. Qc2 Bh5 15. Rad1 Rad8 16. Rxd8 Rxd8 17. Rd1 Rxd1+ 18. Qxd1 Qd7 19. Qxd7 Nxd7 20. Nxe5 Bxe2 21. Nxd7 a4 22. b4 Bxc4 23. Ne5 Nxe5 1/2-1/2

[Event "Odense Andersen op"]
[Site "Odense"]
[Date "2012.05.19"]
[Round "7"]
[White "Poulsen, Iver"]
[Black "Nielsen, John Bauneborg"]
[Result "1/2-1/2"]
[WhiteElo "2084"]
[BlackElo "2163"]
[PlyCount "104"]
[EventDate "2012.05.16"]
[EventType "swiss"]
[EventRounds "9"]
[EventCountry "DEN"]
[SourceTitle "CBM 148 Extra"]
[Source "ChessBase"]
[SourceDate "2012.06.22"]
[SourceVersion "1"]
[SourceVersionDate "2012.06.22"]
[SourceQuality "1"]

1. e4 c5 2. Nc3 Nc6 3. Nf3 e5 4. Bc4 d6 5. d3 Be6 6. Nd5 Bxd5 7. Bxd5 Be7 8. c3 Nf6 9. Qb3 Nxd5 10. exd5 Nb8 11. Qxb7 Nd7 12. Qb3 0-0 13. Bd2 f5 14. Qc2 Rb8 15. Rb1 Rb7 16. c4 Bf6 17. 0-0 Qe7 18. b4 Rfb8 19. a3 g6 20. Rfe1 Qg7 21. b5 g5 22. Bc3 g4 23. Nd2 Rf8 24. Rf1 Kh8 25. Kh1 Rg8 26. Rg1 h5 27. Nf1 Nf8 28. Re1 Qg6 29. Qe2 Rh7 30. a4 h4 31. f3 gxf3 32. Qxf3 Rh5 33. Bd2 h3 34. Ng3 hxg2+ 35. Qxg2 Rh4 36. Qf1 Qh7 37. Re2 f4 38. Ne4 Rxg1+ 39. Qxg1 Be7 40. a5 Rh3 41. Qb1 Qh5 42. Rf2 Ng6 43. b6 axb6 44. a6 Nh4 45. a7 Nf3 46. a8Q+ Kh7 47. Qg1 Nxg1 48. Kxg1 Qd1+ 49. Kg2 Qg4+ 50. Kf1 Qd1+ 51. Kg2 Qg4+ 52. Kf1 Qd1+ 1/2-1/2

[Event "Politiken Cup 33rd"]
[Site "Helsingor"]
[Date "2011.08.06"]
[Round "9"]
[White "Overas, Vegard"]
[Black "Nielsen, John Bauneborg"]
[Result "1/2-1/2"]
[WhiteElo "1561"]
[BlackElo "2140"]
[PlyCount "52"]
[EventDate "2011.07.30"]
[EventType "swiss"]
[EventRounds "10"]
[EventCountry "DEN"]
[SourceTitle "CBM 143 Extra"]
[Source "ChessBase"]
[SourceDate "2011.08.29"]
[SourceVersion "1"]
[SourceVersionDate "2011.08.29"]
[SourceQuality "1"]

1. d4 d6 2. c4 Nf6 3. Nc3 g6 4. e4 Bg7 5. Be2 e5 6. dxe5 dxe5 7. Qxd8+ Kxd8 8. Be3 Nbd7 9. 0-0-0 c6 10. h3 Re8 11. Nf3 h6 12. g4 Kc7 13. g5 hxg5 14. Nxg5 Re7 15. f4 b6 16. b4 Bb7 17. b5 Rh8 18. bxc6 Bxc6 19. Nd5+ Bxd5 20. cxd5 Ne8 21. Kb1 Nc5 22. Rc1 Kd6 23. Rhf1 Rf8 24. Nh7 Rh8 25. Ng5 Rf8 26. Nh7 Rh8 1/2-1/2

[Event "Politiken Cup 33rd"]
[Site "Helsingor"]
[Date "2011.07.30"]
[Round "1"]
[White "Wallin, Kenneth"]
[Black "Nielsen, John Bauneborg"]
[Result "0-1"]
[WhiteElo "1710"]
[BlackElo "2140"]
[PlyCount "50"]
[EventDate "2011.07.30"]
[EventType "swiss"]
[EventRounds "10"]
[EventCountry "DEN"]
[SourceTitle "CBM 143 Extra"]
[Source "ChessBase"]
[SourceDate "2011.08.29"]
[SourceVersion "1"]
[SourceVersionDate "2011.08.29"]
[SourceQuality "1"]

1. Nf3 f5 2. c4 Nf6 3. Nc3 g6 4. g3 Bg7 5. Bg2 0-0 6. d3 d6 7. Bg5 c6 8. Qd2 e5 9. Bh6 Be6 10. Bxg7 Kxg7 11. Ng5 Bg8 12. h4 d5 13. cxd5 cxd5 14. 0-0-0 Nc6 15. Kb1 Qa5 16. f4 d4 17. fxe5 Nxe5 18. e4 dxc3 19. bxc3 Rac8 20. exf5 gxf5 21. Rhe1 Rxc3 22. Qb2 Nxd3 23. Re7+ Kh8 24. Qe2 Qa3 25. Rxb7 Qc1+ 0-1

[Event "DEN-chT 1011 49th"]
[Site "Denmark"]
[Date "2011.02.20"]
[Round "7.7"]
[White "Nielsen, John Bauneborg"]
[Black "Palm, Nikolaj"]
[Result "1/2-1/2"]
[WhiteElo "2148"]
[BlackElo "2275"]
[PlyCount "27"]
[EventDate "2010.11.06"]
[EventType "team-tourn"]
[EventRounds "9"]
[EventCountry "DEN"]
[SourceTitle "EXT 2012"]
[Source "ChessBase"]
[SourceDate "2011.11.24"]
[SourceVersion "1"]
[SourceVersionDate "2011.11.24"]
[SourceQuality "1"]
[WhiteTeam "Norresundby"]
[BlackTeam "Bronshoj"]
[WhiteTeamCountry "DEN"]
[BlackTeamCountry "DEN"]

1. d4 d5 2. c4 e6 3. Nc3 c6 4. e4 dxe4 5. Nxe4 Bb4+ 6. Bd2 Qxd4 7. Bxb4 Qxe4+ 8. Be2 Na6 9. Bd6 Ne7 10. Nf3 f6 11. 0-0 Qg6 12. Ne5 Qh6 13. Ng4 Qg6 14. Ne5 1/2-1/2

[Event "Politiken Cup 32nd"]
[Site "Copenhagen"]
[Date "2010.08.01"]
[Round "3"]
[White "Justinussen, Sigurd B"]
[Black "Nielsen, John Bauneborg"]
[Result "0-1"]
[WhiteElo "1941"]
[BlackElo "2139"]
[PlyCount "80"]
[EventDate "2010.07.31"]
[EventType "swiss"]
[EventRounds "10"]
[EventCountry "DEN"]
[SourceTitle "CBM 137 Extra"]
[Source "ChessBase"]
[SourceDate "2010.09.01"]
[SourceVersion "1"]
[SourceVersionDate "2010.09.01"]
[SourceQuality "1"]

1. e4 c5 2. Nf3 Nc6 3. c3 d5 4. e5 Bg4 5. Bb5 Qb6 6. Bxc6+ Qxc6 7. d4 cxd4 8. Qxd4 Bxf3 9. gxf3 e6 10. Be3 Ne7 11. Nd2 Nf5 12. Qd3 Be7 13. Nb3 0-0 14. Nd4 Nxd4 15. Qxd4 Qb5 16. Qd2 a5 17. h4 f5 18. h5 a4 19. Rg1 Rf7 20. Bg5 d4 21. Bxe7 Qxe5+ 22. Qe2 Qxe2+ 23. Kxe2 Rxe7 24. cxd4 Rd7 25. Ke3 Rad8 26. h6 g6 27. Rac1 Rxd4 28. Rc7 f4+ 29. Ke2 Rd2+ 30. Kf1 R8d7 31. Rc8+ Kf7 32. Rg4 e5 33. Rc5 Kf6 34. Rb5 Rd1+ 35. Kg2 Ra1 36. Rh4 Rdd1 37. Rh2 Rg1+ 38. Kh3 Rg5 39. Rb6+ Kf5 40. Rxb7 Rag1 0-1

[Event "DEN-ch"]
[Site "Silkeborg"]
[Date "2009.04.10"]
[Round "7"]
[White "Nielsen, John Bauneborg"]
[Black "Eriksson, Christian Altenburg"]
[Result "0-1"]
[WhiteElo "2197"]
[BlackElo "2122"]
[PlyCount "58"]
[EventDate "2009.04.04"]
[EventType "swiss"]
[EventRounds "9"]
[EventCountry "DEN"]
[SourceTitle "CBM 129 Extra"]
[Source "ChessBase"]
[SourceDate "2009.05.05"]
[SourceVersion "2"]
[SourceVersionDate "2009.05.20"]
[SourceQuality "1"]

1. d4 d5 2. c4 dxc4 3. Nf3 Nf6 4. Nc3 a6 5. a4 Nc6 6. e4 Bg4 7. Be3 e5 8. d5 Na5 9. Qc2 Bxf3 10. gxf3 Bd6 11. Rd1 Rb8 12. Nb1 b5 13. Nd2 Nh5 14. b3 cxb3 15. Nxb3 Bb4+ 16. Nd2 0-0 17. axb5 axb5 18. Rb1 Qd6 19. Qb2 c5 20. Rg1 Nc4 21. Bxc4 bxc4 22. Qc2 Qa6 23. Rc1 c3 24. Nb1 Qc4 25. Kd1 Nf4 26. Bxf4 exf4 27. Nxc3 Qd4+ 28. Ke2 Bxc3 29. Rgd1 Qc4+ 0-1

[Event "DEN-ch"]
[Site "Silkeborg"]
[Date "2009.04.06"]
[Round "3"]
[White "Nielsen, Nicholas"]
[Black "Nielsen, John Bauneborg"]
[Result "1-0"]
[WhiteElo "2197"]
[BlackElo "2197"]
[PlyCount "87"]
[EventDate "2009.04.04"]
[EventType "swiss"]
[EventRounds "9"]
[EventCountry "DEN"]
[SourceTitle "CBM 129 Extra"]
[Source "ChessBase"]
[SourceDate "2009.05.05"]
[SourceVersion "2"]
[SourceVersionDate "2009.05.20"]
[SourceQuality "1"]

1. e4 c5 2. Nf3 Nc6 3. d4 cxd4 4. Nxd4 e5 5. Nb5 d6 6. c4 Be7 7. N1c3 a6 8. Na3 Be6 9. Nc2 Rc8 10. b3 Nf6 11. Bd3 0-0 12. 0-0 Nd7 13. Nd5 Bxd5 14. exd5 Ncb8 15. Ne3 g6 16. Qg4 Nf6 17. Qe2 Nbd7 18. Bb2 Nh5 19. g3 Bf6 20. Ng2 Re8 21. f3 Bg7 22. Rae1 f5 23. Qd2 Nhf6 24. Bb1 b5 25. cxb5 axb5 26. Kh1 Qb6 27. Nh4 Nf8 28. g4 f4 29. g5 N6d7 30. Rc1 Qb7 31. Ba3 Qa6 32. Bb4 Nb8 33. Rxc8 Rxc8 34. Rc1 Rxc1+ 35. Qxc1 Qb7 36. Be4 Qe7 37. Qc8 Nbd7 38. Ng2 Nc5 39. Bxc5 dxc5 40. Qc6 b4 41. d6 Qa7 42. Bd5+ Kh8 43. h4 e4 44. Qc7 1-0